000 00855nam a22002532 4500
001 0000006329
005 20151217154359.0
008 071018s xx 000 0 eng d
020 _a1405133845 :
_cKES 3569
040 _aKABU
_cKABU
100 1 _aCarnie, Andrew.
_@0000157774
245 1 0 _aSyntax :
_ba generative introduction /
_cAndrew Carnie.
250 _a2nd ed.
260 _aOxford :
_bBlackwell,
_c2007.
300 _axviii, 489 p.
650 0 _aGrammar, Comparative and general
_xSyntax.
_@0000151999
650 0 _aGenerative grammar.
_@0000157775
852 1 _9p4316 KES
852 1 _9p4316 KES
908 _a071018
950 _@1
999 _c10895
_d10895